| 000 | 00000nam##2200000za#4500 |
| 001 | 9.675611 |
| 003 | CaOODSP |
| 005 | 20210624225340 |
| 007 | cr ||||||||||| |
| 008 | 150407|2006||||xxc|||||o f|0| 0 eng|d |
| 020 | |a978-1-100-54050-4 |
| 040 | |aCaOODSP|beng |
| 041 | |aeng |
| 041 | |afre |
| 043 | |an-cn--- |
| 086 | 1 |aSO2-11/10-1996-PDF |
| 110 | 1 |aCanada. |bGovernor General. |bOffice of the Secretary. |
| 245 | 10|aRegulations governing the award of the Corrections Exemplary Service Medal |h[electronic resource] |
| 246 | 1 |iShort title : |aCorrections Exemplary Service Medal Regulations |
| 260 | |aOttawa - Ontario : |bGovernor General of Canada. Office of the Secretary |c1996. |
| 300 | |a9p. |
| 590 | |a12-31-Supp|b2012-07-06 |
| 690 | 07|aAwards|2gcpds |
| 792 | |tRèglement concernant l'attribution de la Médaille pour services distingués en milieu correctionnel |efre|w(CaOODSP)9.675612 |
| 856 | 40|ahttp://publications.gc.ca|qPDF|s458 KB|uhttps://publications.gc.ca/collections/collection_2012/bsgg-osgg/SO2-11-10-1996.pdf |